The Logic of Clientelism in Argentina: An Ethnographic Account /

Contiene una separata del mismo.

Kaydedildi:
Detaylı Bibliyografya
Yazar: Auyero, Javier
Materyal Türü: Metin
Konular:
Etiketler: Etiketle
Etiket eklenmemiş, İlk siz ekleyin!

MARC

LEADER 00000 a a2200000 04500
001 43219
003
040
100 |a Auyero, Javier  
245 |a The Logic of Clientelism in Argentina:   |b An Ethnographic Account /  |c Javier Auyero  
520 |a Contiene una separata del mismo.  
650 |a CLIENTELISMO POLITICO  
650 |a GRUPOS DE BAJOS INGRESOS  
650 |a GRUPOS SOCIALES  
650 |a ASPECTOS SOCIALES  
650 |a PROBLEMAS SOCIALES  
650 |a POLITICA  
650 |a ETNOGRAFIA  
650 |a ARGENTINA  
773 |g volumen35, número3 ( , 2000), páginas 55-81  
999 |c 34070  |d 34070